Tt̕ulos de crďito. Os usuais instrumentos de crďito do comřcio internacional A letra de cḿbio, a carta de crďito comercial, os crďitos stand-by, os saques eletrn̥icos, swap, forfaiting, confirming dentre outros.

Bibliographic Details
Main Author: de Oliveira, Hilr̀io
Format: Book
Language:Portuguese
Published: Brasil Pillares 2006
Subjects:
Online Access:Acceso restringido

MARC

LEADER 00000nam a22000007a 4500
005 20160420102738.0
007 cr|||| ||u|
008 160420s2006 bl ||||| |||| 00||0 por d
020 |a 85-89919-39-0 
035 |a 14174 
040 |a vLex  
090 |c 6032  |d 6032 
100 1 |a de Oliveira, Hilr̀io  
245 1 0 |a Tt̕ulos de crďito. Os usuais instrumentos de crďito do comřcio internacional  |h [Recurso electrn̤ico] /  |b A letra de cḿbio, a carta de crďito comercial, os crďitos stand-by, os saques eletrn̥icos, swap, forfaiting, confirming dentre outros.  |c Hilr̀io de Oliveira  
256 |a Servicio en ln̕ea  
260 |a Brasil  |b Pillares  |c 2006 
300 |a 1 recurso electrn̤ico 
506 1 |a Contenido solo disponible en los productos indicados  |d vLex Global  |d vLex Global (Academic Edition, excluding Law Schools)  |d vLex Global (U.S. Academic Edition, Law Schools)  |d vLex Global (U.S. Academic Edition, excluding Law Schools)  |d vLex Global (Academic Edition, Law Schools) 
650 0 4 |a Derecho internacional  |z Brasil  
740 0 |a vLex libros (servicio en ln̕ea)  
856 4 0 |u http://vlex.com/source/titulos-credito-14174  |z Acceso restringido  
942 |c BOOK 
999 0 |a International Law  |b Brasil